| 000 | 01019nam a2200301 a 4500 | ||
|---|---|---|---|
| 001 | 000016501 | ||
| 003 | DO-SdBNP | ||
| 005 | 20211022120627.0 | ||
| 008 | 100305s2004 dr 000 0 spa d | ||
| 020 | _a9993490628 | ||
| 040 |
_aDO-SdBNP _bspa _cBPMSU |
||
| 082 |
_a923.77295 _bR696h, 2004 _222 |
||
| 100 |
_aRodríguez Demorizi, Emilio, _d1908-1986 |
||
| 245 | 1 | 0 |
_aHostos en Santo Domingo / _cEmilio Rodríguez Demorizi. |
| 260 |
_aSanto Domingo : _bSociedad Dominicana de Bibliófilos, _c2004. |
||
| 300 |
_a2 v. ; _c24 cm. |
||
| 490 | 0 | _aBibliófilos 2000 | |
| 500 | _aIncluye índice de nombres. | ||
| 500 | _aIncluye referencias bibliográficas y notas al pie de las páginas | ||
| 590 | _aInventariado, 2021/VM | ||
| 600 | 1 | 4 |
_aHostos, Eugenio María de _d1839-1903 _xPensamiento político y social |
| 650 | 4 | _aIdeología | |
| 650 | 4 | _aÉtica social | |
| 650 | 4 |
_aEducación _zRepública Dominicana |
|
| 710 | 2 | _aSociedad Dominicana de Bibliófilos | |
| 910 | _aVMateo V. | ||
| 942 |
_2ddc _cBK |
||
| 999 |
_c13817 _d13817 |
||